000 00469nam a2200169Ia 4500
008 181130s2018 xx 000 0 und d
100 _aBrogdon, Matthew S.
245 _aThe formation of judicial federalism in the United States
260 _c2018
300 _ap.269-291.
504 _dSpring
650 _aFederalism
650 _aFederalism - U.S.A.
650 _aJudicial federalism
773 _aPublius: the Journal of Federalism
906 _aFederalism
999 _c506241
_d506241